| 000 | 00713nam a2200193 i 4500 | ||
|---|---|---|---|
| 001 | 31256 | ||
| 003 | ES-MaACL | ||
| 005 | 20230906154339.0 | ||
| 007 | t| | ||
| 008 | 030128s1966 sp ||||1| spa d | ||
| 100 | 1 |
_aBeaufre, André. _926813 |
|
| 245 | 1 | 0 |
_aDisuasión y estrategia / _cGeneral Beaufre ; prólogo de Luis García Arias ; [traducción de Carmen Martín de la Escalera y Luis García Arias]. |
| 260 |
_aMadrid : _bInstituto de Estudios Políticos, _c1966. |
||
| 300 |
_a244 p., 5 lám. ; _c21 cm. |
||
| 700 | 1 |
_aGarcía Arias, Luis. _954185 |
|
| 700 | 1 |
_aMartín de la Escalera, Carmen. _977453 |
|
| 710 | 2 |
_aInstituto de Estudios Políticos (Madrid) _94924 |
|
| 852 |
_aES-MaACL _jG-5071 _bR.70228 |
||
| 999 |
_c31256 _d31256 |
||